000 00350nam a2200133Ia 4500
005 20251222144724.0
008 251222s9999||||xx |||||||||||||| ||spa||
020 _a970-151173-5
082 _a005.117/L88
100 _aLópez Román, Leobardo
245 0 _aMetodología de la programación orientada a objetos
264 _bAlfaomega
942 _cLIB
999 _c18329
_d18329